No Vowels - Countries II - Statistics

General Stats
  • This quiz has been taken 46 times
  • The average score is 15 of 15
Answer Stats
Country Answer % Correct
Prtgl Portugal
100%
Sngpr Singapore
100%
Slvk Slovakia
100%
Thlnd Thailand
100%
Vtnm Vietnam
100%
Fnlnd Finland
98%
Nthrlnds Netherlands
98%
Nw Zld New Zealand
98%
Qtr Qatar
98%
Srb Serbia
98%
Swtzrlnd Switzerland
98%
Trky Turkey
98%
Kzkhstn Kazakhstan
95%
Frnc France
93%
Sngl Senegal
88%
No matching quizzes found
Score Distribution
Percent of People with Each Score
Percentile by Number Answered
Your Score History
You have not taken this quiz